[Event "Russian Blitz Team Championship (m)"]
[Site "Sochi"]
[Date "2022.10.17"]
[Round "10.11"]
[White "Demidov, Mikhail"]
[Black "Timofeev, Artyom"]
[Result "1-0"]
[BlackElo "2579"]
[WhiteElo "2520"]
[LiveChessVersion "1.4.8"]

1. Nf3 {[%clk 0:02:38]} c5 {[%clk 0:03:02]} 2. e3 {[%clk 0:02:39]} b6
{[%clk 0:02:56]} 3. d4 {[%clk 0:02:40]} Bb7 {[%clk 0:02:57]} 4. c4
{[%clk 0:02:38]} Nf6 {[%clk 0:02:56]} 5. Nc3 {[%clk 0:02:39]} e6 {[%clk 0:02:55]}
6. d5 {[%clk 0:02:40]} exd5 {[%clk 0:02:52]} 7. cxd5 {[%clk 0:02:41]} d6
{[%clk 0:02:51]} 8. Bc4 {[%clk 0:02:25]} g6 {[%clk 0:02:51]} 9. O-O
{[%clk 0:02:25]} Bg7 {[%clk 0:02:52]} 10. e4 {[%clk 0:02:26]} O-O
{[%clk 0:02:51]} 11. h3 {[%clk 0:02:26]} a6 {[%clk 0:02:49]} 12. a4
{[%clk 0:02:25]} Nbd7 {[%clk 0:02:49]} 13. Re1 {[%clk 0:02:26]} Re8
{[%clk 0:02:49]} 14. Bf4 {[%clk 0:02:27]} Qb8 {[%clk 0:02:17]} 15. Bh2
{[%clk 0:02:08]} Nh5 {[%clk 0:02:05]} 16. Qd2 {[%clk 0:02:00]} Ne5
{[%clk 0:01:42]} 17. Nxe5 {[%clk 0:01:57]} dxe5 {[%clk 0:01:42]} 18. Bf1
{[%clk 0:01:23]} Qd6 {[%clk 0:01:40]} 19. Nb1 {[%clk 0:01:19]} Bc8
{[%clk 0:01:26]} 20. Na3 {[%clk 0:01:20]} Bd7 {[%clk 0:01:27]} 21. Nc4
{[%clk 0:01:22]} Qc7 {[%clk 0:01:27]} 22. a5 b5 {[%clk 0:01:22]} 23. Nb6
{[%clk 0:01:20]} Rad8 {[%clk 0:01:23]} 24. Rac1 {[%clk 0:00:59]} Bf8
{[%clk 0:01:23]} 25. b3 {[%clk 0:00:57]} Bd6 {[%clk 0:01:19]} 26. Kh1
{[%clk 0:00:26]} Bc8 {[%clk 0:01:10]} 27. g3 {[%clk 0:00:15]} Qe7
{[%clk 0:01:07]} 28. Bg2 {[%clk 0:00:12]} Rf8 {[%clk 0:01:02]} 29. Re2
{[%clk 0:00:08]} Bd7 {[%clk 0:01:02]} 30. Rce1 {[%clk 0:00:06]} Be8
{[%clk 0:01:01]} 31. Rf1 {[%clk 0:00:06]} f5 {[%clk 0:00:58]} 32. f4
{[%clk 0:00:08]} fxe4 {[%clk 0:00:42]} 33. Rxe4 {[%clk 0:00:09]} Qg7
{[%clk 0:00:42]} 34. fxe5 {[%clk 0:00:06]} Rxf1+ 35. Bxf1 {[%clk 0:00:08]} Bxe5
{[%clk 0:00:44]} 36. Qe1 {[%clk 0:00:08]} Nf6 {[%clk 0:00:11]} 37. Rxe5
{[%clk 0:00:09]} Bf7 {[%clk 0:00:12]} 38. Bg2 {[%clk 0:00:10]} c4
{[%clk 0:00:14]} 39. bxc4 {[%clk 0:00:11]} bxc4 {[%clk 0:00:15]} 40. g4
{[%clk 0:00:10]} c3 {[%clk 0:00:15]} 41. Qxc3 {[%clk 0:00:11]} Nxd5
{[%clk 0:00:14]} 42. Nxd5 {[%clk 0:00:12]} Rxd5 {[%clk 0:00:15]} 43. Bxd5 Bxd5+
{[%clk 0:00:16]} 44. Kg1 {[%clk 0:00:13]} 1-0

[Event "Russian Blitz Team Championship (m)"]
[Site "Sochi"]
[Date "2022.10.17"]
[Round "10.12"]
[White "Faizrakhmanov, Ramil"]
[Black "Makarian, Rudik"]
[Result "1-0"]
[BlackElo "2405"]
[WhiteElo "2421"]
[LiveChessVersion "1.4.8"]

1. d4 {[%clk 0:03:01]} Nf6 {[%clk 0:02:57]} 2. c4 {[%clk 0:03:02]} g6
{[%clk 0:02:57]} 3. Nc3 {[%clk 0:03:03]} Bg7 {[%clk 0:02:59]} 4. e4
{[%clk 0:03:04]} d6 {[%clk 0:03:00]} 5. h3 {[%clk 0:03:05]} O-O {[%clk 0:02:59]}
6. Nf3 {[%clk 0:03:06]} e5 {[%clk 0:02:58]} 7. d5 {[%clk 0:03:07]} Na6
{[%clk 0:02:58]} 8. Be3 {[%clk 0:03:07]} Nc5 {[%clk 0:02:59]} 9. Nd2
{[%clk 0:03:08]} a5 {[%clk 0:03:00]} 10. g4 {[%clk 0:03:09]} h5 {[%clk 0:02:59]}
11. g5 {[%clk 0:02:51]} Nfd7 {[%clk 0:02:55]} 12. h4 {[%clk 0:02:45]} c6
{[%clk 0:02:55]} 13. Be2 {[%clk 0:02:44]} a4 {[%clk 0:02:54]} 14. a3
{[%clk 0:02:43]} Qa5 {[%clk 0:02:43]} 15. Qc2 {[%clk 0:02:37]} Rb8
{[%clk 0:02:37]} 16. O-O {[%clk 0:02:20]} cxd5 {[%clk 0:02:17]} 17. cxd5
{[%clk 0:02:07]} b5 {[%clk 0:02:17]} 18. Na2 {[%clk 0:01:51]} Bb7
{[%clk 0:02:11]} 19. Qc3 {[%clk 0:01:41]} Qd8 {[%clk 0:01:50]} 20. Nb4
{[%clk 0:01:38]} Ba8 {[%clk 0:01:34]} 21. Nc6 {[%clk 0:01:37]} Bxc6
{[%clk 0:01:28]} 22. dxc6 {[%clk 0:01:38]} Nb6 {[%clk 0:01:23]} 23. Bxb5
{[%clk 0:01:26]} Ne6 {[%clk 0:01:24]} 24. Nc4 {[%clk 0:01:06]} Nc8
{[%clk 0:01:02]} 25. Bxa4 {[%clk 0:01:03]} d5 {[%clk 0:01:01]} 26. exd5
{[%clk 0:00:51]} Qxd5 27. c7 {[%clk 0:00:39]} Nxc7 {[%clk 0:00:52]} 28. Rad1
{[%clk 0:00:35]} Qe4 {[%clk 0:00:48]} 29. f3 {[%clk 0:00:23]} Qxh4 30. Rf2
{[%clk 0:00:19]} e4 {[%clk 0:00:39]} 31. Bd4 {[%clk 0:00:20]} Bxd4
{[%clk 0:00:24]} 32. Qxd4 {[%clk 0:00:20]} Ne6 {[%clk 0:00:20]} 33. Qxe4
{[%clk 0:00:19]} Qxg5+ {[%clk 0:00:21]} 34. Rg2 {[%clk 0:00:20]} Qf6
{[%clk 0:00:21]} 35. Ne5 {[%clk 0:00:16]} Nc5 {[%clk 0:00:16]} 36. Qd5
{[%clk 0:00:14]} Ne7 {[%clk 0:00:08]} 37. Qxc5 {[%clk 0:00:14]} Rfc8
{[%clk 0:00:08]} 38. Qd6 {[%clk 0:00:15]} Qxd6 {[%clk 0:00:07]} 39. Rxd6
{[%clk 0:00:16]} Nf5 {[%clk 0:00:08]} 40. Rc6 {[%clk 0:00:14]} Rd8
{[%clk 0:00:07]} 41. Rc1 {[%clk 0:00:14]} Rd4 {[%clk 0:00:06]} 42. Nc6
{[%clk 0:00:14]} Rc8 {[%clk 0:00:06]} 43. Bb3 {[%clk 0:00:07]} Rd6
{[%clk 0:00:07]} 44. Rgc2 {[%clk 0:00:08]} Re8 {[%clk 0:00:07]} 45. Kf2
{[%clk 0:00:07]} h4 {[%clk 0:00:07]} 46. Nb4 {[%clk 0:00:07]} Kg7
{[%clk 0:00:06]} 47. Bd5 Re5 {[%clk 0:00:07]} 48. Be4 {[%clk 0:00:07]} Ng3
{[%clk 0:00:07]} 49. Re1 {[%clk 0:00:06]} Nh5 {[%clk 0:00:07]} 50. Nd3
{[%clk 0:00:06]} Rxe4 {[%clk 0:00:06]} 51. Rxe4 {[%clk 0:00:07]} Rxd3
{[%clk 0:00:07]} 52. Rxh4 {[%clk 0:00:08]} Kf6 {[%clk 0:00:06]} 53. a4
{[%clk 0:00:09]} Kg5 {[%clk 0:00:06]} 54. Rg4+ {[%clk 0:00:10]} Kf5
{[%clk 0:00:07]} 55. a5 {[%clk 0:00:11]} Rd5 {[%clk 0:00:05]} 56. b4
{[%clk 0:00:12]} Rd3 {[%clk 0:00:05]} 57. b5 {[%clk 0:00:11]} Rb3
{[%clk 0:00:05]} 58. b6 {[%clk 0:00:13]} g5 {[%clk 0:00:04]} 59. Rc5+
{[%clk 0:00:13]} Kf6 {[%clk 0:00:05]} 60. Rc2 {[%clk 0:00:08]} Nf4
{[%clk 0:00:06]} 61. Rxf4+ {[%clk 0:00:10]} gxf4 {[%clk 0:00:07]} 62. Ra2
{[%clk 0:00:11]} 1-0

[Event "Russian Blitz Team Championship (m)"]
[Site "Sochi"]
[Date "2022.10.17"]
[Round "10.13"]
[White "Lazavik, Denis"]
[Black "Kezin, Roman"]
[Result "1-0"]
[BlackElo "2503"]
[WhiteElo "2437"]
[LiveChessVersion "1.4.8"]

1. d4 {[%clk 0:03:01]} d5 {[%clk 0:03:04]} 2. c4 {[%clk 0:03:01]} e6
{[%clk 0:03:05]} 3. Nf3 {[%clk 0:03:01]} Nf6 {[%clk 0:03:06]} 4. g3
{[%clk 0:03:01]} dxc4 {[%clk 0:03:07]} 5. Bg2 {[%clk 0:03:00]} Bb4+
{[%clk 0:03:08]} 6. Bd2 {[%clk 0:02:59]} a5 {[%clk 0:03:09]} 7. Qc2
{[%clk 0:02:56]} Bxd2+ {[%clk 0:02:16]} 8. Qxd2 {[%clk 0:02:54]} c6
{[%clk 0:01:35]} 9. a4 {[%clk 0:02:52]} b5 {[%clk 0:01:20]} 10. axb5
{[%clk 0:02:45]} cxb5 {[%clk 0:01:21]} 11. Qg5 {[%clk 0:02:44]} O-O
{[%clk 0:01:20]} 12. Qxb5 {[%clk 0:02:43]} Ba6 {[%clk 0:00:25]} 13. Qa4
{[%clk 0:02:34]} Qb6 {[%clk 0:00:19]} 14. O-O {[%clk 0:02:20]} Nc6
{[%clk 0:00:07]} 15. Nbd2 {[%clk 0:02:05]} Rfc8 {[%clk 0:00:04]} 16. Nxc4
{[%clk 0:01:57]} Bxc4 {[%clk 0:00:04]} 17. Qxc4 {[%clk 0:01:58]} Nd5
{[%clk 0:00:03]} 18. e4 {[%clk 0:00:58]} Nf6 {[%clk 0:00:05]} 19. Rfe1
{[%clk 0:00:20]} Ne5 {[%clk 0:00:04]} 20. Qa4 {[%clk 0:00:15]} Rc4
{[%clk 0:00:05]} 21. Qa3 {[%clk 0:00:09]} Nxf3+ {[%clk 0:00:05]} 22. Bxf3
{[%clk 0:00:10]} Rxd4 {[%clk 0:00:06]} 23. Rad1 {[%clk 0:00:09]} h6
{[%clk 0:00:04]} 24. e5 {[%clk 0:00:07]} Nd5 {[%clk 0:00:04]} 25. Bxd5
{[%clk 0:00:08]} exd5 {[%clk 0:00:03]} 26. Qc3 {[%clk 0:00:05]} Rxd1
{[%clk 0:00:03]} 27. Rxd1 {[%clk 0:00:06]} Qb5 {[%clk 0:00:03]} 28. Qd4
{[%clk 0:00:06]} Rd8 {[%clk 0:00:03]} 29. Rd2 {[%clk 0:00:06]} a4
{[%clk 0:00:03]} 30. Kg2 {[%clk 0:00:07]} Rd7 {[%clk 0:00:04]} 31. h3
{[%clk 0:00:07]} Rb7 {[%clk 0:00:03]} 32. Rc2 {[%clk 0:00:07]} Qd7
{[%clk 0:00:03]} 33. Rc5 {[%clk 0:00:04]} Rb3 {[%clk 0:00:03]} 34. Rxd5
{[%clk 0:00:05]} Qb7 {[%clk 0:00:04]} 35. Kh2 {[%clk 0:00:05]} Rxb2
{[%clk 0:00:05]} 36. Rd8+ {[%clk 0:00:06]} Kh7 {[%clk 0:00:06]} 37. e6
{[%clk 0:00:05]} fxe6 {[%clk 0:00:03]} 38. Qd3+ {[%clk 0:00:05]} g6
{[%clk 0:00:03]} 39. Rd7+ {[%clk 0:00:06]} 1-0

[Event "Russian Blitz Team Championship (m)"]
[Site "Sochi"]
[Date "2022.10.17"]
[Round "10.14"]
[White "Obgolts, Erik"]
[Black "Nikitenko, Mihail"]
[Result "1/2-1/2"]
[BlackElo "2417"]
[WhiteElo "2407"]
[LiveChessVersion "1.4.8"]

1. d4 {[%clk 0:03:02]} d5 {[%clk 0:03:03]} 2. Nf3 {[%clk 0:03:03]} Nf6
{[%clk 0:03:04]} 3. Bf4 {[%clk 0:03:04]} c5 {[%clk 0:03:04]} 4. e3
{[%clk 0:03:05]} Nc6 {[%clk 0:03:05]} 5. Nbd2 {[%clk 0:03:06]} Nh5
{[%clk 0:03:06]} 6. Be5 {[%clk 0:03:06]} e6 {[%clk 0:03:06]} 7. c4
{[%clk 0:03:05]} f6 {[%clk 0:03:07]} 8. Bg3 {[%clk 0:03:00]} g6 {[%clk 0:03:06]}
9. cxd5 {[%clk 0:02:52]} exd5 {[%clk 0:03:02]} 10. dxc5 {[%clk 0:02:52]} Bxc5
{[%clk 0:03:02]} 11. Rc1 {[%clk 0:02:52]} Bb6 {[%clk 0:02:43]} 12. Bb5
{[%clk 0:02:47]} Bd7 {[%clk 0:02:44]} 13. Bd6 {[%clk 0:02:18]} Rc8
{[%clk 0:02:45]} 14. O-O {[%clk 0:02:18]} Kf7 {[%clk 0:02:41]} 15. e4
{[%clk 0:01:51]} dxe4 {[%clk 0:02:42]} 16. Nxe4 {[%clk 0:01:47]} Bf5
{[%clk 0:02:42]} 17. Nc5 {[%clk 0:01:20]} Bxc5 {[%clk 0:02:42]} 18. Rxc5
{[%clk 0:01:19]} Ng7 {[%clk 0:02:19]} 19. Re1 {[%clk 0:00:58]} Re8
{[%clk 0:02:10]} 20. Bc4+ {[%clk 0:00:55]} Be6 {[%clk 0:02:11]} 21. Bb3
{[%clk 0:00:33]} Na5 {[%clk 0:01:56]} 22. Rxc8 {[%clk 0:00:33]} Qxc8
{[%clk 0:01:57]} 23. Bxe6+ {[%clk 0:00:27]} Nxe6 {[%clk 0:01:57]} 24. Bb4
{[%clk 0:00:26]} Nc6 {[%clk 0:01:57]} 25. Bc3 {[%clk 0:00:27]} Rd8
{[%clk 0:01:28]} 26. Qa4 {[%clk 0:00:28]} Kg7 {[%clk 0:00:44]} 27. Qh4
{[%clk 0:00:27]} Rf8 {[%clk 0:00:45]} 28. h3 {[%clk 0:00:11]} Rf7
{[%clk 0:00:41]} 29. Rxe6 {[%clk 0:00:07]} Qxe6 {[%clk 0:00:41]} 30. Ng5
{[%clk 0:00:09]} Qxa2 {[%clk 0:00:30]} 31. Qxh7+ {[%clk 0:00:09]} Kf8
{[%clk 0:00:32]} 32. Qh8+ {[%clk 0:00:06]} Ke7 {[%clk 0:00:31]} 33. Nxf7
{[%clk 0:00:07]} Qxf7 {[%clk 0:00:30]} 34. Qc8 {[%clk 0:00:08]} Kd6
{[%clk 0:00:29]} 35. h4 {[%clk 0:00:07]} f5 {[%clk 0:00:25]} 36. Qh8
{[%clk 0:00:07]} b5 {[%clk 0:00:24]} 37. Qh6 {[%clk 0:00:05]} Kc7
{[%clk 0:00:21]} 38. Qf4+ {[%clk 0:00:06]} Kb7 {[%clk 0:00:21]} 39. Qd6
{[%clk 0:00:07]} a5 {[%clk 0:00:14]} 40. Qc5 {[%clk 0:00:07]} Qb3
{[%clk 0:00:13]} 41. Qd6 {[%clk 0:00:05]} Qc4 {[%clk 0:00:10]} 42. Qxg6
{[%clk 0:00:05]} b4 {[%clk 0:00:11]} 43. Bh8 {[%clk 0:00:05]} Qxh4
{[%clk 0:00:11]} 44. Qg7+ {[%clk 0:00:03]} Kb6 {[%clk 0:00:10]} 45. Qf6
{[%clk 0:00:04]} Qxf6 {[%clk 0:00:07]} 46. Bxf6 {[%clk 0:00:05]} Kc5
{[%clk 0:00:07]} 47. f3 {[%clk 0:00:06]} a4 {[%clk 0:00:06]} 48. g4
{[%clk 0:00:06]} fxg4 {[%clk 0:00:06]} 49. fxg4 {[%clk 0:00:08]} Kd5
{[%clk 0:00:08]} 50. Kf2 {[%clk 0:00:07]} Na5 {[%clk 0:00:08]} 51. Ke2
{[%clk 0:00:06]} Nc4 {[%clk 0:00:08]} 52. Kd3 {[%clk 0:00:06]} Ke5 53. Ke4+
1/2-1/2

[Event "Russian Blitz Team Championship (m)"]
[Site "Sochi"]
[Date "2022.10.17"]
[Round "10.15"]
[White "Fedorov, Alexei"]
[Black "Khubukshanov, Erdem"]
[Result "0-1"]
[BlackElo "2377"]
[WhiteElo "2521"]
[LiveChessVersion "1.4.8"]

1. e4 {[%clk 0:03:02]} c5 {[%clk 0:03:04]} 2. d3 {[%clk 0:03:02]} Nc6
{[%clk 0:03:04]} 3. g3 {[%clk 0:03:02]} g6 {[%clk 0:03:04]} 4. Bg2
{[%clk 0:03:03]} Bg7 {[%clk 0:03:05]} 5. f4 {[%clk 0:03:03]} d6 {[%clk 0:03:04]}
6. Nf3 {[%clk 0:03:03]} e6 {[%clk 0:03:01]} 7. O-O {[%clk 0:03:02]} Nge7
{[%clk 0:03:01]} 8. c3 {[%clk 0:03:03]} O-O {[%clk 0:02:54]} 9. Be3
{[%clk 0:03:00]} b6 {[%clk 0:02:47]} 10. Na3 {[%clk 0:02:57]} Bb7
{[%clk 0:02:40]} 11. d4 {[%clk 0:02:48]} cxd4 {[%clk 0:02:20]} 12. Nxd4
{[%clk 0:02:48]} Qd7 {[%clk 0:02:01]} 13. Qd2 {[%clk 0:02:44]} Rad8
{[%clk 0:01:48]} 14. Rad1 {[%clk 0:02:44]} Nxd4 {[%clk 0:01:44]} 15. Bxd4
{[%clk 0:02:43]} e5 {[%clk 0:01:45]} 16. Bxe5 {[%clk 0:02:36]} Ba6
{[%clk 0:00:38]} 17. Bxg7 {[%clk 0:02:17]} Kxg7 {[%clk 0:00:37]} 18. c4
{[%clk 0:02:16]} Qc7 {[%clk 0:00:35]} 19. Kh1 {[%clk 0:02:01]} Kg8
{[%clk 0:00:31]} 20. b3 {[%clk 0:01:58]} Qc5 {[%clk 0:00:32]} 21. Nc2
{[%clk 0:01:57]} b5 {[%clk 0:00:33]} 22. cxb5 {[%clk 0:01:56]} Bxb5
{[%clk 0:00:34]} 23. Rfe1 {[%clk 0:01:56]} Ba6 {[%clk 0:00:34]} 24. Ne3
{[%clk 0:01:48]} Bb7 {[%clk 0:00:34]} 25. Rc1 {[%clk 0:01:43]} Qb6
{[%clk 0:00:28]} 26. Ng4 {[%clk 0:01:12]} d5 {[%clk 0:00:25]} 27. e5
{[%clk 0:01:06]} d4 {[%clk 0:00:18]} 28. Nf6+ {[%clk 0:00:56]} Kg7
{[%clk 0:00:19]} 29. Bxb7 {[%clk 0:00:49]} Qxb7+ {[%clk 0:00:20]} 30. Qg2
{[%clk 0:00:50]} Qa6 {[%clk 0:00:19]} 31. Rc7 {[%clk 0:00:48]} Nf5
{[%clk 0:00:17]} 32. g4 {[%clk 0:00:42]} Qa5 {[%clk 0:00:15]} 33. Rec1
{[%clk 0:00:39]} d3 {[%clk 0:00:15]} 34. gxf5 {[%clk 0:00:07]} d2
{[%clk 0:00:16]} 35. Rd1 {[%clk 0:00:08]} Qxc7 {[%clk 0:00:18]} 36. Qh3
{[%clk 0:00:05]} Qc6+ {[%clk 0:00:16]} 37. Kg1 {[%clk 0:00:06]} h5
{[%clk 0:00:17]} 38. fxg6 {[%clk 0:00:06]} fxg6 {[%clk 0:00:18]} 39. Qe3
{[%clk 0:00:05]} Qc2 {[%clk 0:00:17]} 40. Qe2 {[%clk 0:00:04]} Rd4
{[%clk 0:00:17]} 41. e6 {[%clk 0:00:03]} Rxf6 {[%clk 0:00:13]} 42. e7
{[%clk 0:00:04]} Rdxf4 {[%clk 0:00:12]} 43. e8=N+ {[%clk 0:00:05]} Kh6
{[%clk 0:00:09]} 44. Nxf6 {[%clk 0:00:06]} Rxf6 {[%clk 0:00:10]} 45. Rxd2
{[%clk 0:00:06]} Qc5+ {[%clk 0:00:10]} 46. Kg2 {[%clk 0:00:07]} Qg5+
{[%clk 0:00:11]} 47. Kh1 {[%clk 0:00:06]} Rf4 {[%clk 0:00:10]} 48. Rd3
{[%clk 0:00:04]} Rg4 {[%clk 0:00:11]} 49. Rd1 {[%clk 0:00:04]} Qf6
{[%clk 0:00:10]} 50. Qd2+ {[%clk 0:00:05]} Kh7 {[%clk 0:00:09]} 51. Qd7+
{[%clk 0:00:06]} Kh6 {[%clk 0:00:10]} 52. Qd2+ {[%clk 0:00:07]} Kh7
{[%clk 0:00:11]} 53. Qd7+ {[%clk 0:00:08]} Kh6 {[%clk 0:00:13]} 54. Qd2+
{[%clk 0:00:09]} Rf4 {[%clk 0:00:09]} 55. Rf1 {[%clk 0:00:09]} Qc6+
{[%clk 0:00:08]} 56. Kg1 {[%clk 0:00:09]} Qc5+ {[%clk 0:00:09]} 57. Kg2
{[%clk 0:00:09]} Qg5+ {[%clk 0:00:10]} 0-1

[Event "Russian Blitz Team Championship (m)"]
[Site "Sochi"]
[Date "2022.10.17"]
[Round "10.16"]
[White "Bocharov, Dmitry"]
[Black "Aleksandrov, Aleksej"]
[Result "1/2-1/2"]
[BlackElo "2397"]
[WhiteElo "2484"]
[LiveChessVersion "1.4.8"]

1. Nf3 {[%clk 0:03:00]} Nf6 {[%clk 0:03:03]} 2. g3 {[%clk 0:03:01]} b5
{[%clk 0:03:02]} 3. Bg2 {[%clk 0:03:01]} Bb7 {[%clk 0:03:03]} 4. O-O
{[%clk 0:03:01]} e6 {[%clk 0:03:02]} 5. b3 {[%clk 0:03:02]} c5 {[%clk 0:03:03]}
6. c4 {[%clk 0:03:02]} a6 {[%clk 0:03:04]} 7. Nc3 {[%clk 0:03:01]} Qa5
{[%clk 0:03:05]} 8. e3 {[%clk 0:02:59]} Be7 {[%clk 0:02:39]} 9. Qe2
{[%clk 0:02:58]} Ne4 {[%clk 0:02:40]} 10. Bb2 {[%clk 0:02:48]} O-O
{[%clk 0:02:32]} 11. Ng5 {[%clk 0:02:46]} Nxc3 {[%clk 0:02:11]} 12. Bxc3
{[%clk 0:02:46]} Qb6 {[%clk 0:02:12]} 13. Qh5 {[%clk 0:01:55]} Bxg5
{[%clk 0:01:42]} 14. Qxg5 {[%clk 0:01:55]} f6 {[%clk 0:01:43]} 15. Qg4
{[%clk 0:01:55]} Bxg2 {[%clk 0:01:43]} 16. Kxg2 {[%clk 0:01:55]} Nc6
{[%clk 0:01:32]} 17. h4 {[%clk 0:01:49]} Ne7 {[%clk 0:01:29]} 18. h5
{[%clk 0:01:47]} Qc6+ {[%clk 0:01:26]} 19. Kg1 {[%clk 0:01:46]} Nf5
{[%clk 0:01:22]} 20. Rac1 {[%clk 0:01:42]} bxc4 {[%clk 0:01:20]} 21. bxc4
{[%clk 0:01:35]} Nh6 {[%clk 0:01:19]} 22. Qe2 {[%clk 0:01:31]} Qe4
{[%clk 0:01:15]} 23. d3 {[%clk 0:01:18]} Qf5 {[%clk 0:01:10]} 24. Kg2
{[%clk 0:01:16]} e5 {[%clk 0:01:00]} 25. Rb1 {[%clk 0:01:08]} Rab8
{[%clk 0:01:00]} 26. Rfd1 {[%clk 0:01:08]} Nf7 {[%clk 0:00:57]} 27. Qf3
{[%clk 0:01:01]} Qxf3+ {[%clk 0:00:50]} 28. Kxf3 {[%clk 0:01:02]} Ng5+
{[%clk 0:00:51]} 29. Ke2 {[%clk 0:01:03]} Kf7 {[%clk 0:00:48]} 30. f4
{[%clk 0:00:56]} exf4 {[%clk 0:00:48]} 31. gxf4 {[%clk 0:00:57]} Ne6
{[%clk 0:00:50]} 32. f5 {[%clk 0:00:58]} Nc7 {[%clk 0:00:47]} 33. e4
{[%clk 0:00:56]} Rfc8 {[%clk 0:00:44]} 34. Kd2 {[%clk 0:00:50]} h6
{[%clk 0:00:41]} 35. Kc2 {[%clk 0:00:50]} Ne8 {[%clk 0:00:41]} 36. Ba5
{[%clk 0:00:49]} Ke7 {[%clk 0:00:37]} 37. Rb3 {[%clk 0:00:49]} Rxb3
{[%clk 0:00:35]} 38. axb3 {[%clk 0:00:50]} Nd6 {[%clk 0:00:34]} 39. Rg1
{[%clk 0:00:45]} Kf8 {[%clk 0:00:35]} 40. Ra1 {[%clk 0:00:46]} Rc6
{[%clk 0:00:33]} 41. b4 {[%clk 0:00:43]} cxb4 {[%clk 0:00:32]} 42. Bxb4
{[%clk 0:00:44]} Kf7 {[%clk 0:00:31]} 43. Rb1 {[%clk 0:00:36]} Ne8
{[%clk 0:00:20]} 44. Bc3 {[%clk 0:00:34]} Nd6 {[%clk 0:00:16]} 45. Kd2
{[%clk 0:00:25]} Ke7 {[%clk 0:00:13]} 46. Bb4 {[%clk 0:00:23]} Ke8
{[%clk 0:00:11]} 47. Bxd6 {[%clk 0:00:23]} Rxd6 {[%clk 0:00:12]} 48. Rb8+
{[%clk 0:00:23]} Ke7 {[%clk 0:00:13]} 49. Kc3 {[%clk 0:00:24]} a5
{[%clk 0:00:12]} 50. Ra8 {[%clk 0:00:24]} Rb6 51. Rxa5 Rb1 52. Ra7
{[%clk 0:00:19]} Rh1 {[%clk 0:00:14]} 53. c5 {[%clk 0:00:19]} Ke8
{[%clk 0:00:14]} 54. Kd4 {[%clk 0:00:20]} Rxh5 {[%clk 0:00:13]} 55. Kd5
{[%clk 0:00:18]} Rh3 {[%clk 0:00:14]} 56. d4 {[%clk 0:00:19]} Re3
{[%clk 0:00:15]} 57. Rb7 {[%clk 0:00:15]} h5 {[%clk 0:00:16]} 58. Rb8+
{[%clk 0:00:14]} Ke7 {[%clk 0:00:15]} 59. Rh8 {[%clk 0:00:14]} Rh3
{[%clk 0:00:16]} 60. c6 {[%clk 0:00:08]} dxc6+ {[%clk 0:00:16]} 61. Kxc6
{[%clk 0:00:09]} h4 {[%clk 0:00:17]} 62. Kd5 {[%clk 0:00:10]} Rh1
{[%clk 0:00:18]} 63. Ra8 {[%clk 0:00:05]} h3 {[%clk 0:00:16]} 64. Ra3
{[%clk 0:00:04]} h2 {[%clk 0:00:14]} 65. Rh3 1/2-1/2

[Event "Russian Blitz Team Championship (m)"]
[Site "Sochi"]
[Date "2022.10.17"]
[Round "11.1"]
[White "Chigaev, Maksim"]
[Black "Pridorozhni, Aleksei"]
[Result "1/2-1/2"]
[BlackElo "2581"]
[WhiteElo "2537"]
[LiveChessVersion "1.4.8"]

1. Nf3 {[%clk 0:03:01]} d5 {[%clk 0:03:03]} 2. c4 {[%clk 0:03:02]} e6
{[%clk 0:03:03]} 3. g3 {[%clk 0:03:03]} Nf6 {[%clk 0:03:03]} 4. Bg2
{[%clk 0:03:04]} dxc4 {[%clk 0:03:04]} 5. O-O {[%clk 0:03:04]} Nbd7
{[%clk 0:03:05]} 6. Qc2 {[%clk 0:03:05]} a6 {[%clk 0:03:05]} 7. a4
{[%clk 0:03:06]} Rb8 {[%clk 0:03:00]} 8. Qxc4 {[%clk 0:02:10]} b5
{[%clk 0:02:59]} 9. axb5 {[%clk 0:02:11]} axb5 {[%clk 0:03:00]} 10. Qc2
{[%clk 0:02:12]} Bb7 {[%clk 0:02:37]} 11. d3 {[%clk 0:01:43]} c5 {[%clk 0:02:22]}
12. Bf4 {[%clk 0:01:39]} Ra8 {[%clk 0:02:20]} 13. Nc3 {[%clk 0:01:35]} Qb6
{[%clk 0:01:29]} 14. Rxa8+ {[%clk 0:00:46]} Bxa8 {[%clk 0:01:30]} 15. Ra1
{[%clk 0:00:47]} Bc6 {[%clk 0:01:30]} 16. Ne5 {[%clk 0:00:47]} Nxe5
{[%clk 0:01:06]} 17. Bxe5 {[%clk 0:00:47]} Nd7 {[%clk 0:01:03]} 18. Bf4
{[%clk 0:00:47]} Bxg2 {[%clk 0:00:50]} 19. Kxg2 {[%clk 0:00:48]} Qb7+
{[%clk 0:00:50]} 20. Kg1 {[%clk 0:00:47]} Be7 {[%clk 0:00:50]} 21. Qb3
{[%clk 0:00:21]} b4 {[%clk 0:00:50]} 22. Ne4 {[%clk 0:00:20]} O-O
{[%clk 0:00:49]} 23. Qa4 {[%clk 0:00:15]} Nf6 {[%clk 0:00:27]} 24. Nd6
{[%clk 0:00:07]} Qd5 {[%clk 0:00:11]} 25. Nc4 {[%clk 0:00:07]} h5
{[%clk 0:00:10]} 26. Qa7 {[%clk 0:00:05]} Re8 {[%clk 0:00:10]} 27. h3
{[%clk 0:00:04]} g5 {[%clk 0:00:07]} 28. Be5 {[%clk 0:00:04]} Nd7
{[%clk 0:00:08]} 29. Qc7 {[%clk 0:00:04]} Nxe5 {[%clk 0:00:07]} 30. Qxe5
{[%clk 0:00:05]} Qxe5 {[%clk 0:00:06]} 31. Nxe5 {[%clk 0:00:06]} Bf6
{[%clk 0:00:06]} 32. Nc4 {[%clk 0:00:07]} Rc8 {[%clk 0:00:05]} 33. Ra7
{[%clk 0:00:07]} Rc6 {[%clk 0:00:05]} 34. b3 {[%clk 0:00:08]} Kg7
{[%clk 0:00:04]} 35. g4 {[%clk 0:00:07]} hxg4 {[%clk 0:00:05]} 36. hxg4
{[%clk 0:00:08]} Kg6 {[%clk 0:00:06]} 37. Kg2 {[%clk 0:00:09]} Bc3
{[%clk 0:00:07]} 38. e3 {[%clk 0:00:08]} f5 {[%clk 0:00:06]} 39. Kf3
{[%clk 0:00:07]} Bf6 {[%clk 0:00:06]} 40. Kg3 {[%clk 0:00:07]} Bc3
{[%clk 0:00:07]} 41. Kf3 {[%clk 0:00:07]} 1/2-1/2